Zentralblatt fur Geologie und Palaontologie: 6. Symposium Tektonik-Strukturgeologie-Kristallingelogie 10-15.4.1996 in Salzburg; Teil 1; Allgemeine, Angewandte, Regionale und Historische Geologie

Xehetasun bibliografikoak
Hizkuntza:alemana
Argitaratua: Stuttgart, Verlagsbuchhandlung, 1997
Gaiak:
Formatua: Liburua
KOHA link:https://koha.lib.tpu.ru/cgi-bin/koha/opac-detail.pl?biblionumber=10070

MARC

LEADER 00000nam0a2200000 4500
001 10070
005 20231030182746.0
035 |a (RuTPU)RU\TPU\book\10128 
035 |a BOOK00010191 
090 |a 10070 
100 |a 20011209d1997 k y0gery50 ba 
101 0 |a ger 
102 |a DE 
105 |a y z 100zy 
200 1 |a Zentralblatt fur Geologie und Palaontologie  |e 6. Symposium Tektonik-Strukturgeologie-Kristallingelogie 10-15.4.1996 in Salzburg  |h Teil 1  |i Allgemeine, Angewandte, Regionale und Historische Geologie 
210 |a Stuttgart  |c Verlagsbuchhandlung  |d 1997 
215 |a 386 p. 
610 1 |a геология 
610 1 |a палеонтология 
610 1 |a прикладная геология 
610 1 |a историческая геология 
610 1 |a тектоника 
610 1 |a структурная геология 
610 1 |a кристаллическая геология 
675 |a 55  |v 3 
675 |a 56  |v 3 
801 0 |a RU  |b 63413507  |c 20011209  |g PSBO 
801 2 |a RU  |b 63413507  |c 20070907  |g PSBO 
942 |c BK